000 00751nam a2200205Ii 4500
003 JO-AjNU
008 230605s9999||||xx |||||||||||||| ||und||
040 _aJO-AjNU
_bara
_erda
_cJO-AjNU
041 _aara
050 1 4 _aSH334.7.H37 2001
100 3 _aحسن ، ابراهيم محمد ,
_eauthor
_920109
245 0 0 _aتكنولوجيا الاسماك = Fish Technology
264 3 1 _aالاسكندرية:مكتبة المعارف ، 2001
300 _a76ص
_bصور توضيحية+جداول
336 _atext
_btxt
_2rdacontent
337 _aunmediated
_bn
_2rdamedia
338 _avolume
_bnc
_2rdacarrier
490 0 _aسلسلة علوم وتقنية(تكنولوجيا)الاغذية
650 4 _aالاسماك-تكنولوجيا
_920110
999 _aA6758
_c10326
_d10326